|
|
|
|
| LEADER |
00000nab#a22000007a#4500 |
| 001 |
arbauad039114 |
| 003 |
AR-BaUAD |
| 005 |
20250711113044.0 |
| 008 |
990818|||||||||###||||||b###|0###a|spa|| |
| 040 |
|
|
|a AR-BaUAD
|c AR-BaUAD
|b spa
|
| 100 |
|
|
|a Salimaki, Markku
|
| 245 |
|
|
|a FinlandSources of competitiveness :
|b Design & Innovation /
|c Markku Salimaki;
|
| 300 |
0 |
|
|b fot.
|
| 653 |
|
|
|a FINLANDIA
|
| 653 |
|
|
|a HELSINKI
|
| 653 |
|
|
|a ESCUELAS
|
| 653 |
|
|
|a ECONOMIA
|
| 653 |
|
|
|a PROGRAMAS
|
| 653 |
|
|
|a GESTION
|
| 653 |
|
|
|a ADMINISTRACION
|
| 653 |
|
|
|a DISEÑO INDUSTRIAL
|
| 773 |
0 |
|
|t FORM FUNCTION
|g no. 74 [jun. 1999], p. 8-9
|
| 942 |
|
|
|c ARTI
|
| 952 |
|
|
|0 0
|1 0
|4 0
|7 0
|9 84033
|a AR-BAuAD
|b AR-BAuAD
|d 2025-07-11
|l 0
|p AAQA039114
|r 2025-07-11 11:30:44
|w 2025-07-11
|y ARTI
|
| 990 |
|
|
|a DI199
|b TD
|
| 998 |
|
|
|a AAQ
|b BIBUN76
|
| 999 |
|
|
|c 63706
|d 63706
|